000
00292nam a22001337a 4500
003
SGT
082
_a
617.522
_b
F25D
100
_a
Dawar, Sameera
245
_a
Facial Asymmetry
260
_b
SGT University
_c
2025
300
_a
178
650
_a
Oral & Maxillofacial Surgery
942
_2
ddc
_c
TH
999
_c
31382
_d
31382